LEADER 01787cam0-22005651i-450- 001 990000683220403321 005 20160301130904.0 010 $a88-204-7963-X 020 $a94-3811 035 $a000068322 035 $aFED01000068322 035 $a(Aleph)000068322FED01 035 $a000068322 100 $a20020821d1993----km-y0itay50------ba 101 0 $aita 102 $aIT 105 $ay-------111yy 200 1 $aEstimo ed economia ambientale$ele nuove frontiere nel campo della valutazione$estudi in onore di Carlo Forte$fa cura di Luigi Fusco Girard$gscritti di Attilio Belli ... [et al.] 210 $aMilano$cFranco Angeli$d1993 215 $a516 p.$d22 cm 300 $aRelazioni presentate al Convegno tenuto a Napoli nel 1991 610 0 $aImmobili$aEstimo$aStudi 610 0 $aPianificazione territoriale$aStudi 610 0 $aValutazione$aRisorse ambientali 610 0 $aEconomia ambientale 610 0 $aPianificazione ambientale 610 0 $aValutazione$aImpatto ambientale 610 0 $aSviluppo sostenibile 676 $a333.322 702 1$aBelli,$bAttilio 702 1$aForte,$bCarlo 702 1$aFusco Girard,$bLuigi 801 0$aIT$bUNINA$gRICA$2UNIMARC 901 $aBK 912 $a990000683220403321 952 $aVII C 186$bbibl. 21640$fFSPBC 952 $a01 A2 II 5$b02376$fDINST 952 $a13 P 31 02$b13550$fFINBC 952 $a13 F 31 20$b13549$fFINBC 952 $aGEN B 387$b9064$fFARBC 952 $aGEN B 421$b10867$fFARBC 952 $aURB.LE B 1014$b5034$fFARBC 952 $aURB.LE B 1015$b5034$fFARBC 952 $aURB.LE B 2727$b20217$fFARBC 959 $aDINST 959 $aFINBC 959 $aFARBC 959 $aFSPBC 996 $aEstimo ed economia ambientale$9325821 997 $aUNINA LEADER 01240nas 2200433- 450 001 9910647795103321 005 20220125213021.0 011 $a2632-6833 035 $a(OCoLC)1194954998 035 $a(CKB)4100000010138651 035 $a(CONSER)--2021204399 035 $a(EXLCZ)994100000010138651 100 $a20190516a20209999 --- a 101 0 $aeng 135 $aur||||||||||| 181 $2rdacontent 182 $2rdamedia 183 $2rdacarrier 200 00$aGlobal hip hop studies 210 1$a[Bristol] :$cIntellect Ltd,$d2020- 300 $aRefereed/Peer-reviewed 311 $a2632-6825 517 1 $aGHHS 606 $aHip-hop$vPeriodicals 606 $aHip-hop$xInfluence$vPeriodicals 606 $aRap (Music)$xSocial aspects$vPeriodicals 606 $aCulture$xStudy and teaching$2fast$3(OCoLC)fst00885086 606 $aHip-hop$2fast$3(OCoLC)fst00957237 608 $aPeriodicals$2fast 615 0$aHip-hop 615 0$aHip-hop$xInfluence 615 0$aRap (Music)$xSocial aspects 615 7$aCulture$xStudy and teaching 615 7$aHip-hop 676 $a306.484249 906 $aJOURNAL 912 $a9910647795103321 996 $aGlobal hip hop studies$93015267 997 $aUNINA